| 000 | 01076nam a22002777a 4500 | ||
|---|---|---|---|
| 003 | DO-SdBNP | ||
| 005 | 20221129133114.0 | ||
| 007 | ta | ||
| 008 | 110301s2022 dr c 000 0 spa d | ||
| 020 | _a9789945132168 | ||
| 040 |
_aDO-SdBNP _bspa _cBNPHU |
||
| 082 | 4 |
_a320.5 _bG633e _222 |
|
| 100 | 1 |
_aGómez, Maximiliano _953018 _d1943-1971 |
|
| 245 | 1 | 0 |
_aEscritos políticos / _cMaximiliano Gómez ; compilador, Carmen Mazara. |
| 260 |
_aSanto Domingo : _bMediabyte, _c2022. |
||
| 300 |
_a130 p. : _bil., retrs., _c23 cm. |
||
| 500 | _aIncluye datos biográficos del autor en la solapa de la portada. | ||
| 500 | _aComité de homenaje a Maximiliano Gómez (El Moreno) | ||
| 500 | _aEdición a cargo del Comité de Homenaje 2022 y Carmen Mazara | ||
| 590 | _aInventariado, 2022/ YL | ||
| 600 | 1 | 4 |
_aGómez, Maximiliano, _d1943-1971 _xPensamiento político y social _982892 _vEnsayos, conferencias, etc. |
| 700 | 1 | 2 |
_aMazara, Carmen _ecomp. _982651 |
| 710 | 1 | 2 |
_aComité de Homenaje 2022 _982652 |
| 910 | _aYLockward/Validado. Control de calidad MFF | ||
| 942 |
_2ddc _cLBS1 |
||
| 999 |
_c52724 _d52724 |
||